000 00520nam a22001817a 4500
005 20251108172635.0
008 250721s1997 xx 000 0 ara d
082 1 4 _a551,6/عرو
100 1 _aالعرود، إبراهيم
245 1 0 _aمبادىء المناخ الطبيعي /
264 1 _aعمان :
_bدار الشروق،
_c1997.
300 _a209 ص
650 1 7 _aالمناخ
650 1 7 _aالمناطق المناخية
650 1 7 _aالأحوال الجوية
942 _2ddc
_cBK
999 _c84739
_d84739